000
00331nam a2200133Ia 4500
008
191201s2004 xx 000 0 und d
100
_a
H S U, Hwei P
245
0
_a
Schaum's Outlines Analog and Digital Communications
250
_a
2nd
260
_a
N.Delhi
_b
TMH
_c
2004
300
_a
330
650
_a
B.Tech(ECE)
942
_2
ddc
_c
BK
999
_c
2032
_d
2032